| 000 | 00381nam a22001577a 4500 | ||
|---|---|---|---|
| 999 |
_c258429 _d258428 |
||
| 003 | OSt | ||
| 005 | 20200615120152.0 | ||
| 008 | 200615b xxu||||| |||| 00| 0 eng d | ||
| 020 | _a9780399156588 | ||
| 040 | _cN/A | ||
| 050 |
_aPS3619 _b.I5443 R46 2010 |
||
| 100 | _aDaniel Silva | ||
| 245 | _aThe Rembrandt Affair | ||
| 260 |
_aNew York _bPenguin Group _c2010 |
||
| 942 |
_2lcc _cBK |
||